| Tag |
First Indicator |
Second Indicator |
Subfields |
| LEADER |
00000nam a2200000 4500 |
| 001 |
in00004175421 |
| 005 |
20200807083431.0 |
| 006 |
m g d |
| 007 |
cr bn |||a|bb| |
| 008 |
921210s1601 enk o 00| | lat d |
| 035 |
|
|
|a (UnM)99857408
|
| 037 |
|
|
|a CL0036000020
|b ProQuest. 789 E. Eisenhower Parkway, Ann Arbor, MI 48108-3218
|
| 040 |
|
|
|a Cu-RivES
|c Cu-RivES
|d CStRLIN
|e dcrb
|d WaOLN
|
| 100 |
1 |
|
|a Mush, John.
|
| 245 |
1 |
0 |
|a Declaratio motuum ac turbationum quæ ex controuersiis inter Iesuitas ijsq́[ue] in omnibus fauentem D. Georg. Blackwellum Archipresbyterum, & sacerdotes seminariorum in Anglia, ab obitu illmi: Cardlis: Alani piæ memoriæ, ad annum vsq́ue 1601 :
|b Ad S.D.N. Clementem octauum exhibita ab ipsis sacerdotibus qui schismatis, aliorumq́[ue] criminum sunt insimulati.
|
| 246 |
2 |
|
|a Declaratio motuum ac turbationum quæ ex controversiis inter Jesuitas iisq́ue in omnibus faventem D. Georg. Blackwellum Archipresbyterum, & sacerdotes seminariorum in Anglia, ab obitu illustrissimi Cardinalis Alani piæ memoriæ, ad annum usque 1601
|
| 246 |
2 |
|
|a Declaratio motuum ac turbationum quæ ex controversiis inter Jesuitas iisq́ue in omnibus faventem D. Georg. Blackwellum Archipresbyterum, & sacerdotes seminariorum in Anglia, ab obitu illustrissimi Cardinalis Alani piæ memoriæ, ad annum usque 1601.
|
| 260 |
|
|
|a Rhotomagi [id est London] :
|b Apud Iacobum Molæum, sub signo Phenicis,
|c 1601.
|
| 300 |
|
|
|a 1 online resource ([2], 87, 90-142, [2] pages)
|
| 336 |
|
|
|a text
|b txt
|2 rdacontent
|
| 337 |
|
|
|a computer
|b c
|2 rdamedia
|
| 338 |
|
|
|a online resource
|b cr
|2 rdacarrier
|
| 500 |
|
|
|a Signed at end: Ioannes Musheus Presbyter Romanus.
|
| 500 |
|
|
|a The imprint is false; actually printed in London (STC).
|
| 500 |
|
|
|a With a final errata leaf.
|
| 500 |
|
|
|a Reproduction of the original in Cambridge University Library.
|
| 510 |
4 |
|
|a STC (2nd edition)
|c 3102.
|
| 533 |
|
|
|a Electronic reproduction.
|b Ann Arbor, Mich. :
|c UMI,
|d 1999-
|f (Early English books online)
|n Digital version of: (Early English books, 1475-1640 ; 700:1)
|7 s1999 miun s
|
| 600 |
1 |
0 |
|a Blackwell, George,
|d 1546 or 7-1613.
|
| 610 |
2 |
0 |
|a Catholic Church
|z England
|v Early works to 1800.
|
| 610 |
2 |
0 |
|a Catholic Church
|v Controversial literature
|v Early works to 1800.
|
| 830 |
|
0 |
|a Early English books online.
|
| 856 |
4 |
0 |
|u http://proxy.library.tamu.edu/login?url=https://search.proquest.com/docview/2240875764
|z Connect to the full text of this electronic book
|t 0
|
| 999 |
f |
f |
|s b74fdcd6-3984-38d9-927a-4b912b59ad8f
|i aff99cc8-b723-3c31-9686-4a22a31f4f18
|t 0
|
| 952 |
f |
f |
|a Texas A&M University
|b College Station
|c Electronic Resources
|d Available Online
|t 0
|h No information provided
|
| 998 |
f |
f |
|t 0
|l Available Online
|